Forbes greatest business stories of all time. / (Record no. 847)
[ view plain ]
| 000 -LEADER | |
|---|---|
| fixed length control field | 02349cam a2200325 a 4500 |
| 001 - CONTROL NUMBER | |
| control field | 1163621 |
| 005 - DATE AND TIME OF LATEST TRANSACTION | |
| control field | 20210414113936.0 |
| 008 - FIXED-LENGTH DATA ELEMENTS--GENERAL INFORMATION | |
| fixed length control field | 960729s1996 nyua b 001 0 eng |
| 010 ## - LIBRARY OF CONGRESS CONTROL NUMBER | |
| LC control number | 96034245 |
| 020 ## - INTERNATIONAL STANDARD BOOK NUMBER | |
| International Standard Book Number | 0471143146 (cloth : alk. paper) |
| 040 ## - CATALOGING SOURCE | |
| Original cataloging agency | DLC |
| Transcribing agency | DLC |
| Modifying agency | DLC |
| 043 ## - GEOGRAPHIC AREA CODE | |
| Geographic area code | n-us--- |
| 050 00 - LIBRARY OF CONGRESS CALL NUMBER | |
| Classification number | HF5386.G779 |
| 082 00 - DEWEY DECIMAL CLASSIFICATION NUMBER | |
| Classification number | 338.7/0973 |
| Edition number | 20 |
| 100 1# - MAIN ENTRY--PERSONAL NAME | |
| Personal name | Gross, Daniel, |
| Dates associated with a name | 1967- |
| 245 10 - TITLE STATEMENT | |
| Title | Forbes greatest business stories of all time. / |
| Statement of responsibility, etc. | by Daniel Gross and the editors of Forbes magazine. |
| 260 ## - PUBLICATION, DISTRIBUTION, ETC. | |
| Place of publication, distribution, etc. | New York : |
| Name of publisher, distributor, etc. | J. Wiley & Sons, |
| Date of publication, distribution, etc. | c1996. |
| 300 ## - PHYSICAL DESCRIPTION | |
| Extent | vi, 362 p. : |
| Other physical details | ill. ; |
| Dimensions | 24 cm. |
| 500 ## - GENERAL NOTE | |
| General note | "Byron Preiss Visual Publications book." |
| 504 ## - BIBLIOGRAPHY, ETC. NOTE | |
| Bibliography, etc. note | Includes bibliographical references (p. [352]-357) and index. |
| 505 ## - FORMATTED CONTENTS NOTE | |
| Formatted contents note | Contents: Robert Moriss: America's first financier -- Cyrus McCormick's reaper and the industrialization of farming -- John D. Rockefeller and the modern corporation -- J.P Morgan saves the country -- Henry Ford and the Model T -- Charles Merrill and the Democratization of stock ownership -- David Sarnoff, RCA and the rise of broadcasting -- Walt Disney and his family- entertainment empire -- John H. Johnson: finding the black consumer -- David Ogilvy and the creation of modern advertising -- Ray Kroc, McDonald's and the fast- food industry -- Betting the company: Joseph Wilson and the Xerox 914 -- Amercian express and the Charge card -- Mary kay Ash and her corporate culture for women -- Intel's mircoprocessor and the computer revolution -- Sam Walton, Wal- Mart and the discounting of America -- William Mcgowan and MCL: a new world of telecommunications -- The Turnaround at Harley- Davidson -- Kohlberg Kravis Roberts & co. and the Leveraged buyout -- William Gates and the Dominance of microsoft. |
| 650 #0 - SUBJECT ADDED ENTRY--TOPICAL TERM | |
| Topical term or geographic name entry element | Success in business |
| Geographic subdivision | United States |
| General subdivision | Case studies. |
| 730 0# - ADDED ENTRY--UNIFORM TITLE | |
| Uniform title | Forbes. |
| 856 42 - ELECTRONIC LOCATION AND ACCESS | |
| Materials specified | Contributor biographical information |
| Uniform Resource Identifier | <a href="http://www.loc.gov/catdir/bios/wiley041/96034245.html">http://www.loc.gov/catdir/bios/wiley041/96034245.html</a> |
| 856 42 - ELECTRONIC LOCATION AND ACCESS | |
| Materials specified | Publisher description |
| Uniform Resource Identifier | <a href="http://www.loc.gov/catdir/description/wiley031/96034245.html">http://www.loc.gov/catdir/description/wiley031/96034245.html</a> |
| 856 4# - ELECTRONIC LOCATION AND ACCESS | |
| Materials specified | Table of Contents |
| Uniform Resource Identifier | <a href="http://www.loc.gov/catdir/toc/onix01/96034245.html">http://www.loc.gov/catdir/toc/onix01/96034245.html</a> |
| 906 ## - LOCAL DATA ELEMENT F, LDF (RLIN) | |
| a | 7 |
| b | cbc |
| c | orignew |
| d | 1 |
| e | ocip |
| f | 19 |
| g | y-gencatlg |
| 942 ## - ADDED ENTRY ELEMENTS (KOHA) | |
| Source of classification or shelving scheme | Library of Congress Classification |
| Koha item type | Books |
| Withdrawn status | Lost status | Source of classification or shelving scheme | Damaged status | Not for loan | Home library | Current library | Shelving location | Date acquired | Total Checkouts | Full call number | Barcode | Date last seen | Copy number | Price effective from | Koha item type |
|---|---|---|---|---|---|---|---|---|---|---|---|---|---|---|---|
| Library of Congress Classification | WISCONSIN INTERNATIONAL UNIVERSITY COLLEGE, GHANA - MAIN LIBRARY | WISCONSIN INTERNATIONAL UNIVERSITY COLLEGE, GHANA - MAIN LIBRARY | General Stacks | 09/05/2012 | HF5386.G779 | 2076/12 | 09/05/2012 | 1 | 09/05/2012 | Books | |||||
| Library of Congress Classification | WISCONSIN INTERNATIONAL UNIVERSITY COLLEGE, GHANA - MAIN LIBRARY | WISCONSIN INTERNATIONAL UNIVERSITY COLLEGE, GHANA - MAIN LIBRARY | General Stacks | 09/05/2012 | HF5386.G7791 | 2077/12 | 09/05/2012 | 2 | 09/05/2012 | Books | |||||
| Library of Congress Classification | WISCONSIN INTERNATIONAL UNIVERSITY COLLEGE, GHANA - MAIN LIBRARY | WISCONSIN INTERNATIONAL UNIVERSITY COLLEGE, GHANA - MAIN LIBRARY | Reference | 22/11/2012 | HF5386.G779 | 6452/12 | 22/11/2012 | 3 | 22/11/2012 | Books |
